| 000 | 00688nam a2200217Ia 4500 | ||
|---|---|---|---|
| 003 | GCL | ||
| 008 | 140319s9999 xx 000 0 ara d | ||
| 040 |
_aGCL / _cGCL |
||
| 082 | 0 | 4 |
_a953.04 _bم خ |
| 100 | 1 | _aمحمد حلمى محمد احمد | |
| 245 | 1 | 0 |
_aالخلافة والدولة فى العصر العباسى / _cمحمد حلمى محمد احمد |
| 260 |
_a[S.N] : _bمكتبة الشباب ، _c1972 |
||
| 300 | _a229 ص | ||
| 490 | _a | ||
| 650 | 0 | 4 | _aالتاريخ الاسلامى |
| 650 | 0 | 4 | _aالدولة العباسية |
| 650 | 0 | 4 | _aالعرب والفرس |
| 650 | 0 | 4 | _aالخلفاء |
| 650 | 0 | 4 | _aالاسلام والسياسة |
| 942 |
_2ddc _cBK |
||
| 999 |
_c59078 _d59078 |
||